LEADER 01167naa a2200217 u 4500 001 000000100521 003 CaOOAMICUS 005 20070226130203.0 008 051122s1976 it u000 u ita u 035 $a11069972 040 $aIAR$bita 100 1 $aAmbrosioni, Annamaria,$d1944-2003.$0(OLS)http://pul/name/3997 245 13$aIl piu antico elenco di chierici della diocesi ambrosiana ed altra aggiunte al >Ddecretum< di Burcardo in un codice della Biblioteca Ambrosiana (E 144 sup.) :$bUna voce della polemica antipatarinica ? /$c[Annamaria Ambrosioni]. 260 $a[Milano :$bVita e pensiero],$c[1976] 300 $aS. 274-320 ;$c25 cm 651 4$aMilano$xStoria ecclesiastica$yEvo medio.$0(OLS)http://pul/subject/10293 730 0 $aAevum$g[Spogli].$0(OLS)http://pul/title/11692 773 0 $aAevum ;.$k50 (1976) 773 0 $tAevum$w()8026 996 $6245$aIl piu antico elenco di chierici della diocesi ambrosiana ed altra aggiunte al >Ddecretum< di Burcardo in un codice della Biblioteca Ambrosiana (E 144 sup.) :$bUna voce della polemica antipatarinica ?$9(OLS)http://pul/title/127419 996 $6260$a[Milano :$bVita e pensiero]$9(OLS)http://pul/publisher/79155 LEADER 01500nam a2200313 a 4500 001 000000130659 003 CaOOAMICUS 005 20121004094345.0 008 121004s2009 it u000 u ita r 020 $a978-88-315-3724-7 040 $aPUL$bita 082 04$a262.91 245 00$aAmore e verità :$bcommento e guida alla lettura dell'Enciclica Caritas in veritate di Benedetto XVI /$cSimona Beretta ... [et al.]. 260 $aMilano :$bPaoline Editoriale libri ;$aMilano :$bFiglie di San Paolo,$c©2009. 300 $a159 p. ;$c20 cm 490 1 $aA proposito di... ;$v05 504 $aBibliografia in nota. 610 24$aPapi (2005-2013 : Benedictus XVI)$tCaritas in veritate.$0(OLS)http://pul/subject/38365 700 1 $aBeretta, Simona.$0(OLS)http://pul/name/69395 830 0$aA proposito di... ;$v05.$0(OLS)http://pul/title/165119 850 $aPUL 852 $aPUL$W1$xSL Diritto Canonico 3$y77$m262. 91 BENED16 1$j151083$qDDC 21$B149794$CPULBib$Z2$F149794 $H120833 $82 941 1 $a9 996 $6020$a978-88-315-3724-7$9(OLS)http://pul/number/150717 996 $6082$a262.91$9(OLS)http://pul/classification/1668 996 $6245$aAmore e verità :$bcommento e guida alla lettura dell'Enciclica Caritas in veritate di Benedetto XVI$9(OLS)http://pul/title/165118 996 $6260$aMilano :$bPaoline Editoriale libri$9(OLS)http://pul/publisher/60029 996 $6260$aMilano :$bFiglie di San Paolo$9(OLS)http://pul/publisher/61975